UBT Library

Minority rights in Europe / (Record no. 178)

000 -LEADER
fixed length control field 00797cam a2200229 a 4500
005 - DATE AND TIME OF LATEST TRANSACTION
control field 20131028101124.0
008 - FIXED-LENGTH DATA ELEMENTS--GENERAL INFORMATION
fixed length control field 941101s1994 nyub b 000 0 eng
020 ## - INTERNATIONAL STANDARD BOOK NUMBER
International Standard Book Number 0876091729
080 ## - UNIVERSAL DECIMAL CLASSIFICATION NUMBER
Universal Decimal Classification number 327
245 00 - TITLE STATEMENT
Title Minority rights in Europe /
Statement of responsibility, etc Hugh Miall, editor.
260 ## -
-- New York :
-- Council on Foreign Relations Press,
-- c1994.
300 ## -
-- 120 p. :
-- maps ;
-- 22 cm.
490 1# -
-- Chatham House papers
500 ## -
-- "Published in North America for the Royal Institute of International Affairs."
504 ## - BIBLIOGRAPHY, ETC. NOTE
Bibliography, etc Includes bibliographical references.
650 #0 -
-- Të drejtat e njeriut
-- Europa
650 #0 -
-- Marrëdhënie ndërkombëtare
650 #0 -
-- Minoritetet
-- Statusi legal, ligji.
-- Europa
700 1# -
-- Miall, Hugh.
830 #0 -
-- Chatham House papers (Unnumbered)
942 ## - ADDED ENTRY ELEMENTS (KOHA)
Source of classification or shelving scheme
Item type Books
Holdings
Withdrawn status Lost status Source of classification or shelving scheme Damaged status Not for loan Collection code Permanent location Current location Shelving location Date acquired Total Checkouts Full call number Barcode Date last seen Price effective from Koha item type
          Koleksioni i përgjithshem UBT - Prishtine UBT - Prishtine Koleksioni i përgjithshem 10/28/2013   327 MIN 001-000193 10/28/2013 10/28/2013 Books
UBT Library © 2015-2024. All rights reserved University Education for Business and Technology